An investigation of the nature of the valuation service offered to business occupiers (Record no. 66510)
[ view plain ]
| 000 -LEADER | |
|---|---|
| fixed length control field | 01434cam a2200253 4500 |
| 001 - CONTROL NUMBER | |
| control field | ABS63789 |
| 008 - FIXED-LENGTH DATA ELEMENTS--GENERAL INFORMATION | |
| fixed length control field | 000000n2001 000 0 eng u |
| 035 ## - SYSTEM CONTROL NUMBER | |
| System control number | (Sirsi) u111619 |
| 100 ## - MAIN ENTRY--PERSONAL NAME | |
| Personal name | Wyatt, P. |
| 245 #3 - TITLE STATEMENT | |
| Title | An investigation of the nature of the valuation service offered to business occupiers |
| 260 ## - PUBLICATION, DISTRIBUTION, ETC. | |
| Date of publication, distribution, etc. | 2001 |
| 490 ## - SERIES STATEMENT | |
| Series statement | Journal of Property Investment and Finance |
| Volume/sequential designation | 19(2) 2001, 100-126(27) |
| 520 ## - SUMMARY, ETC. | |
| Summary, etc. | Provides details of the findings of a research project, conducted by the University of the West of England, which considered whether valuers and valuations have a role to play in providing business occupiers with strategic business advice. A postal questionnaire was sent to 250 businesses, 18 interviews conducted, and over 70 sets of company accounts examined. Key findings included: many companies view valuers as providers of a single valuation service; valuations do have a part to play in providing more strategic business advice; in order for this to happen, valuers must convince clients that they have broad business skills, can think strategically, and have an appreciation of their clients' wider business needs. |
| 590 ## - LOCAL NOTE (RLIN) | |
| Local note | ABS |
| 650 ## - SUBJECT ADDED ENTRY--TOPICAL TERM | |
| Topical term or geographic name entry element | VALUATIONS |
| 650 ## - SUBJECT ADDED ENTRY--TOPICAL TERM | |
| Topical term or geographic name entry element | STRATEGIC ISSUES |
| 650 ## - SUBJECT ADDED ENTRY--TOPICAL TERM | |
| Topical term or geographic name entry element | VALUERS |
| 650 ## - SUBJECT ADDED ENTRY--TOPICAL TERM | |
| Topical term or geographic name entry element | BUSINESS ADVICE |
| 650 ## - SUBJECT ADDED ENTRY--TOPICAL TERM | |
| Topical term or geographic name entry element | PROPERTY |
| 650 ## - SUBJECT ADDED ENTRY--TOPICAL TERM | |
| Topical term or geographic name entry element | CORPORATE STRATEGY |
| 650 ## - SUBJECT ADDED ENTRY--TOPICAL TERM | |
| Topical term or geographic name entry element | OCCUPIERS |
| 690 ## - LOCAL SUBJECT ADDED ENTRY--TOPICAL TERM (OCLC, RLIN) | |
| Topical term or geographic name as entry element | PROPERTY-PROPERTY APPRAISAL AND VALUATION |
| 942 ## - ADDED ENTRY ELEMENTS (KOHA) | |
| Suppress in OPAC | 0 |
| Withdrawn status | Lost status | Source of classification or shelving scheme | Damaged status | Not for loan | Home library | Current library | Shelving location | Date acquired | Total Checkouts | Full call number | Barcode | Date last seen | Copy number | Price effective from | Koha item type |
|---|---|---|---|---|---|---|---|---|---|---|---|---|---|---|---|
| Dewey Decimal Classification | London | London | Journal article | 23/03/2001 | ABS63789 | 111619-1001 | 06/08/2019 | 1 | 06/08/2019 | Journal article |